General Engineering Knowledge for Marine Engineers, Vol. 8 (Record no. 4177)

000 -LEADER
fixed length control field 00384nam a2200133Ia 4500
008 - FIXED-LENGTH DATA ELEMENTS--GENERAL INFORMATION
fixed length control field 200103s9999||||xx |||||||||||||| ||und||
020 ## - INTERNATIONAL STANDARD BOOK NUMBER
International Standard Book Number 0947637761,
082 ## - DEWEY DECIMAL CLASSIFICATION NUMBER
Classification number Column-34
100 ## - MAIN ENTRY--PERSONAL NAME
Personal name Jackson, Leslie and Morton, Thomas D.
245 #0 - TITLE STATEMENT
Title General Engineering Knowledge for Marine Engineers, Vol. 8
260 ## - PUBLICATION, DISTRIBUTION, ETC. (IMPRINT)
Name of publisher, distributor, etc Thomas Reed Publications Ltd.
Date of publication, distribution, etc 2001
Place of publication, distribution, etc UK
300 ## - PHYSICAL DESCRIPTION
Extent 519
942 ## - ADDED ENTRY ELEMENTS (KOHA)
Item type Books
Holdings
Withdrawn status Lost status Source of classification or shelving scheme Damaged status Not for loan Permanent location Current location Date acquired Total Checkouts Total Renewals Full call number Barcode Date last seen Date last borrowed Koha item type
          IMU-MPC Library IMU-MPC Library 2020-01-08 2 2 Column-34 LBS11825 2025-03-17 2022-08-02 Books
Copyright © 2021 Indian Maritime University, Mumbai Port Campus. All Rights Reserved. Managed & Maintained by Central Library, IMU-Mumbai

webs counters

Powered by Koha